Missing Word: New York City A-Z Quiz Stats

 Plays Quiz Updated Jan 18, 2015

Challenge
Share
Tweet
Embed
Score 0/25 Timer 03:00
0 Plays Today
Letter Answer % Correct
_____ State Building - Tallest in the world from 1931 to 1970Empire
98.6%
John F. _____ International Airport Kennedy
98.3%
Staten _____ - One of five boroughs of NYCIsland
97.5%
Hudson _____ - Flows through New York stateRiver
97.2%
World _____ Center - Complex of buildings under construction in Lower ManhattanTrade
96.9%
_____ Park - Leisure area in the middle of ManhattanCentral
96.7%
Madison _____ Garden - Indoor arena Square
96.2%
Statue of _____ - Colossal sculptureLiberty
95.3%
US _____ Tennis tournament Open
94.7%
_____ Central Terminal - Commuter railroad terminalGrand
94.3%
_____ Bridge - Crosses East RiverBrooklyn
94.2%
Columbia _____ - Ivy League SchoolUniversity
93.7%
New York _____ - MLB TeamYankees
92.8%
Letter Answer % Correct
Bronx _____ - Park where one can find some 6,000 animals representing about 650 species Zoo
92.8%
_____ Sandy - Natural disaster in 2012Hurricane
91.8%
_____ Street - Eight-block-long street and Financial districtWall
90.6%
Saks _____ Avenue - Luxury department storeFifth
89.2%
Greenwich _____ - Neighborhood of Lower ManhattanVillage
87.9%
New _____ - Dutch settlement Amsterdam
82.2%
Brooklyn _____ - NBA TeamNets
80.8%
_____ County - Second most populous county in New York StateQueens
80.2%
Theater _____ - Area where most Broadway theaters are locatedDistrict
77.5%
_____ Museum of Art - Largest art museum in the USAMetropolitan
70.3%
_____ Heights - A neighborhood of QueensJackson
45.6%
_____ Minuit - He purchased the island of Manhattan from Native Americans Peter
45.1%

Today's Daily Dose

You're not logged in!

Compare scores with friends on all Sporcle quizzes.
OR
Log In

You Might Also Like...

Show Comments

Extras

Top Quizzes Today


Score Distribution

Your Account Isn't Verified!

In order to create a playlist on Sporcle, you need to verify the email address you used during registration. Go to your Sporcle Settings to finish the process.

Report this User

Report this user for behavior that violates our Community Guidelines.

Details: